000 00291nam a2200121Ia 4500
008 240624s9999 xx 000 0 und d
041 _aeng
082 _a658 DAL
100 _aDALLAS NICK
245 _aHOW TO DO BUSINESS IN CHINA
260 _aNew Delhi
_bTata McGraw-Hill
365 _cRS
_b33
999 _c26272
_d26272